000 00298nam a22001337a 4500
008 190225b xxu||||| |||| 00| 0 eng d
020 _a0520014146
041 _aeng
080 _a371
100 _a46
101 _aEDU
245 _aA Handlist of Rhetorical Terms
_cLanham,R.A
942 _2udc
_cBK
999 _c54171
_d54171